| 000 | 00712nam a22002297a 4500 | ||
|---|---|---|---|
| 999 |
_c5795 _d5795 |
||
| 001 | 5795 | ||
| 003 | BD-JhCC | ||
| 005 | 20180705134013.0 | ||
| 008 | 171218s2010 bg a|||| ||a| 000 0 ben d | ||
| 020 | _a9847013304012 | ||
| 035 | _a(BD-JhCC)5795 | ||
| 040 |
_aBD-JhCC _dBD-JhCC |
||
| 041 | _aben | ||
| 082 |
_a500 _bIQB 2010 |
||
| 100 | _aইকবাল, মুহাম্মদ জাফর | ||
| 245 |
_aআরো একটুখানি বিজ্ঞান / _cমুহাম্মদ জাফর ইকবাল |
||
| 260 |
_aঢাকা : _bকাকলী প্রকাশনী, _c2010. |
||
| 300 |
_a181 p. : _c24 cm. _billu; |
||
| 650 | _aScience | ||
| 942 |
_2ddc _cBK _07 |
||